| 000 | 01420nam0a22003251 4500 | ||
|---|---|---|---|
| 001 | rc\4351880 | ||
| 005 | 20201130143305.0 | ||
| 021 |
_aRU _bРг9645-85 |
||
| 021 |
_aRU _b85-ВП-2402/1 |
||
| 035 | _a(NLR Aleph) 008279311 | ||
| 090 |
_a8506353 _c8506353 |
||
| 100 | _a20130416d1959 |||y0rusy50 ca | ||
| 101 | 1 |
_arus _ceng |
|
| 102 | _aRU | ||
| 105 | _aa z |||a| | ||
| 200 | 1 |
_aМэр Кэстербриджа _eЖизнь и смерть человека с характером _e[Роман _fПер. с англ. А.В. Кривцовой и М.И. Клягиной-Кондратьевой _gВступ. ст. М.В. Урнова _gИл. Е.Ф. Капустина] |
|
| 210 |
_aМосква _cИзвестия _d1959 |
||
| 215 |
_a383 с. _cил. _d21 |
||
| 300 | _aПер. изд.: The mayor of Casterbridge / Thomas Hardy | ||
| 700 | 1 |
_aХарди _bТ. _f1840-1928 _gТомас _3RU\NLR\AUTH\7729727 |
|
| 702 | 1 |
_aУрнов _bМ. В. _4080 |
|
| 702 | 1 |
_aКапустин _bЕ. Ф. _4440 |
|
| 702 | 1 |
_aКлягина-Кондратьева _bМ. И. _f1896-1971 _gМелитина Ивановна _3RU\NLR\AUTH\770284148 _4730 |
|
| 702 | 1 |
_aКривцова _bА. В. _cпереводчик _f1896-1958 _gАлександра Владимировна _3RU\NLR\AUTH\770153720 _4730 |
|
| 801 | 0 |
_aRU _bNLR _gpsbo |
|
| 801 | 1 |
_aRU _bELAR _2rusmarc |
|
| 852 |
_aNLR _j85-3/8393 |
||
| 942 | _cBOOK | ||
| 980 | _aNB | ||